Arqueología bíblica

Salvato in:
Dettagli Bibliografici
Autore principale: Diez Fernández, Florentino (Autore)
Natura: Libro
Lingua:spagnolo
Pubblicazione: Pamplona Verbo Divino 1998
Serie:Colección Reseña Bíblica, 20
Soggetti:
Tags: Aggiungi Tag
Nessun Tag, puoi essere il primo ad aggiungerne!!

MARC

LEADER 00000nam a2200000 a 4500
001 UCP4190
003 CL-VaPUC
008 990724e19980000SP |||||||||||||||||spa|d
082 0 4 |a 220.93  |b DIE  |2 21 
100 0 |a Diez Fernández, Florentino  |e author  |9 431648 
245 1 0 |a Arqueología bíblica 
300 |a 72 p 
942 |c BK 
945 |d 19990724 00:00:00  |a vberengu 
260 |a Pamplona  |b Verbo Divino  |c 1998 
600 0 |a Jesús  |9 313614 
650 0 |a Biblia  |9 257603 
650 0 |a Textos sagrados   |9 257605 
650 0 |a Arqueología   |9 265619 
651 0 |a Mesopotamia  |9 314286 
651 0 |a Palestina  |9 324189 
651 7 |a GALILEA  |2 CL-VaPUC  |9 431649 
651 7 |a JERUSALEM  |2 CL-VaPUC  |9 389418 
583 |a last modification  |c 20130402 06:17:13  |k Rodrigo Vera 
490 0 |a Colección Reseña Bíblica, 20 
999 |c 282241  |d 282239 
952 |0 0  |1 2  |4 0  |6 220_930000000000000_DIE_1998  |7 0  |8 A  |9 323797  |a BIBTEO  |b BIBTEO  |d 2019-11-20  |i 3519376  |o 220.93 DIE 1998  |p 3519376  |r 2019-11-20  |w 2019-11-20  |y BK  |k ICR 
952 |0 0  |1 0  |4 0  |6 220_930000000000000_DIE_1998  |7 0  |8 A  |9 323798  |a BIBTEO  |b BIBTEO  |d 2019-11-20  |i 3608611  |l 1  |o 220.93 DIE 1998  |p 3608611  |r 2025-01-17  |s 2022-11-30  |w 2019-11-20  |y BK  |k ICR